| 000 | 00459nam a22001817a 4500 | ||
|---|---|---|---|
| 003 | CEME | ||
| 005 | 20210628202011.0 | ||
| 008 | 210223b xxu||||| |||| 00| 0 eng d | ||
| 020 | _a81-203-1602-9 | ||
| 040 | _c. | ||
| 082 | _a658.15 HOR | ||
| 100 |
_aXix,779p _957814 |
||
| 245 | _aFinacial management and policy | ||
| 260 |
_aNEW DELHI _bPRENTICE HALL _c2000 |
||
| 300 | _aHORNE, JAMES C.VAN | ||
| 650 |
_aMANAGEMENT-FINACIAL _957815 |
||
| 942 |
_cBK _2ddc |
||
| 999 |
_c568067 _d568067 |
||